00582nam a2200217Ia 450000500170000000800410001702000180005804100120007608200150008810000230010324500500012625000120017626000370018830000200022544000290024565000120027465000190028665000190030570000240032470000160034820260429112121.0260429s9999||||xx |||||||||||||| ||und|| a9780367240042 aEnglish a512.5bWOE aWoerdeman, Hugo J. 0aAdvanced linear algebra / cHugo J. Woerdeman a1st ed. aBoca Raton : bCRC Press,c2025. axxi, 327 p.; hb aTextbooks in mathematics a Matrix a Vector spaces aLinear algebra a Rosen, Kennethg H. aBoggess, Al